| 000 | 00956cam a22002534a 4500 | ||
|---|---|---|---|
| 020 | _a2856291600 (pbk.) | ||
| 040 | _cAUXAM | ||
| 082 | _a574 SOC 2004 A084 Or. | ||
| 245 | 0 | 0 |
_aActes des journées mathématiques à la mémoire de Jean Leray : _bNantes, 2002 / |
| 260 |
_aParis : _bSociété mathématique de France, _c2004. |
||
| 300 |
_axv, 207 p. : _bill. ; _c24 cm. |
||
| 490 | 1 | _aSéminaires et congrès ; | |
| 500 | _a"On the 17th and 18th of June 2002 the Laboratory of Mathematics of Nantes University ... has organised a meeting to celebrate the memory of Jean Leray"--Abstract. | ||
| 650 | 0 | _aMathematics | |
| 650 | 0 | _aDifferential equations, Partial | |
| 650 | 0 | _aFunctions of several complex variables | |
| 650 | 0 | _aGeometry, Differential | |
| 650 | 0 | _aFluid mechanics | |
| 700 | 1 | _aLeray, Jean, | |
| 700 | 1 | _aGuillopé, Laurent. | |
| 700 | 1 | _aRobert, Didier. | |
| 710 | 2 | _aLaboratoire de mathematiques Jean Leray. | |
| 942 | _cEK | ||
| 999 |
_c16024 _d16024 |
||